Schaum's outline of theory and problems of college chemistry : (Record no. 183381)

000 -LEADER
fixed length control field 01598 a2200241 4500
003 - CONTROL NUMBER IDENTIFIER
control field NUST
005 - DATE AND TIME OF LATEST TRANSACTION
control field 20230713083710.0
010 ## - LIBRARY OF CONGRESS CONTROL NUMBER
LC control number 96046610
040 ## - CATALOGING SOURCE
Transcribing agency Nust
082 00 - DEWEY DECIMAL CLASSIFICATION NUMBER
Classification number 540,SCh
100 1# - MAIN ENTRY--PERSONAL NAME
Personal name Schaum,Daniel
9 (RLIN) 113586
245 10 - TITLE STATEMENT
Title Schaum's outline of theory and problems of college chemistry :
Remainder of title Including 375 Solved Problems and 750 Supplementary problems /
Statement of responsibility, etc. Daniel Schaum
250 ## - EDITION STATEMENT
Edition statement 5th ed.
260 ## - PUBLICATION, DISTRIBUTION, ETC.
Place of publication, distribution, etc. New York :
Name of publisher, distributor, etc. McGraw-Hill,
Date of publication, distribution, etc. c1966
300 ## - PHYSICAL DESCRIPTION
Extent vi, 386 p. ;
Other physical details ill. ;
Dimensions 28 cm.
490 0# - SERIES STATEMENT
Series statement Schaum's outline series
505 ## - FORMATTED CONTENTS NOTE
Formatted contents note Measurments (Page-1), Density and Specific Gravity (Page-9), Temperature Measurement (Page-13), Atomic Weights, Molecular Weights, and Moles (Page- 17), Formulas and Compositions Calculations (Page-25), Calculations from Chemical eQUATIONS (Page-37), Measurement of Gases (Page-48), Molecular Weights of Gases (Page-58), Structure of Matter (Page-69), Oxidation-Reduction (Page-88), Equivalent Weight (Page-100), Expressing Concentrations of Solutions (Page-107), Reactions involving Standard Solutions (Page-119), Properaties of Solutions (Page-126), Heat (Page-137), Chemical Equilibrium (Page-150), Ionic Equilibium (Page-165), Solubility Product and Precipitation (Page-196), Electrochemistry (Page-206), Photochemistry and Nuclear Chemistry (Page-224).
650 #0 - SUBJECT ADDED ENTRY--TOPICAL TERM
Topical term or geographic name entry element Chemistry
General subdivision Outlines, syllabi, etc.
9 (RLIN) 14098
650 #0 - SUBJECT ADDED ENTRY--TOPICAL TERM
Topical term or geographic name entry element Chemistry
General subdivision Problems, exercises, etc.
9 (RLIN) 516
700 1# - ADDED ENTRY--PERSONAL NAME
Personal name Epstein, Lawrence M.
9 (RLIN) 113587
856 42 - ELECTRONIC LOCATION AND ACCESS
Materials specified Publisher description
Uniform Resource Identifier <a href="http://www.loc.gov/catdir/description/mh022/96046610.html">http://www.loc.gov/catdir/description/mh022/96046610.html</a>
942 ## - ADDED ENTRY ELEMENTS (KOHA)
Source of classification or shelving scheme
Koha item type Book
Call number prefix 540,SCH
Holdings
Withdrawn status Lost status Source of classification or shelving scheme Damaged status Not for loan Permanent Location Current Location Shelving location Date acquired Full call number Barcode Date last seen Price effective from Koha item type Public note
          Military College of Signals (MCS) Military College of Signals (MCS) General Stacks 12/12/2016 540,ROS MCS6398 12/08/2016 12/12/2016 Book Almirah No.77, Shelf No.4
© 2023 Central Library, National University of Sciences and Technology. All Rights Reserved.